Responses for show #5554 - Thursday, October 30, 2008

Carl Brandt game 3.

Contestants

Phil Fernandez, an engineer from San Diego, California

Jen Weaver, an office assistant from North East, Maryland

Carl Brandt, an investor originally from Pittsburgh, Pennsylvania (whose 2-day cash winnings total $28,800)

Jeopardy! Round responses

THE SECRETARY OF THE INTERIOR
SONG ADJECTIVES
RETRONYMS
THE IG NOBEL PRIZE
AMERICAN RESTAURANTS
HALLOWEEN: TRICK OR TREAT
    $200 12
a felony

Phil
    $200 4
Teen

Carl
    $200 26
whole

Jen
    $200 1
(Alex: A [*] or blackboard, yes.)

a chalkboard

Carl
    $200 11
Columbus

Carl
    $200 17
Franco

Phil
    $400 13
Theodore Roosevelt

Carl
    $400 7
Funky

Jen
    $400 27
(Carl: What are diapers?)
(Alex: Be more specific.)
(Carl: [Shakes head])
(Alex: No? Jen or Phil? They make [*].)

cloth diapers

Carl
Triple Stumper
    $400 2
falls on the butter side

Carl
    $400 22
(Alex: [*]. You dig 'em.)

Clams

Jen
    $400 18
the Hubble Telescope

Carl
    $600 14
Ickes

Carl
    $600 8
Bitter Sweet

Phil
    $600 28
paper tickets

Jen
    $600 3
Viagra

Phil
    $600 23
Chocolate

Carl
    $600 19
George III

Carl
    $800 15
the Bureau of Land Management

Phil
    $800 9
Favorite

Phil
    $800 29
a desktop

Phil
    $800 5
(Jen: What is "and"?)

"the"

Jen
Triple Stumper
    $800 24
Washington, D.C.

Jen
    $800 20
The Adventures

Jen
    $2,000 16
conservation

Phil
    $1000 10
Personal

Jen
    $1000 30
a paleoconservative

Carl
    $1000 6
sword swallowing

Jen
    $1000 25
Tavern on the Green

Carl
    $1000 21
(Carl: What is the SEC?)

the New York Stock Exchange

Carl
Triple Stumper

Scores at the first commercial break (after clue 16):

Carl Jen Phil
$2,000 $1,600 $5,000

Scores at the end of the Jeopardy! Round:

Carl Jen Phil
$4,200 $4,400 $6,000

Double Jeopardy! Round responses

THE INTERIOR OF THE SECRETARY
1930s CINEMA
WHAT THE DICKENS!
KNOW YOUR RIGHTS
HISTORY CROSSWORD CLUES "M"
AFTER TRICK OR TREATING...
    $400 21
kidneys

Phil
    $400 11
[Alex reads "GWTW" as "Gone with the Wind".]

(Judy) Garland

Carl
    $400 6
Great Expectations

Jen
    $400 16
Robert E. Lee

Jen
    $400 1
Memphis

Jen
    $400 26
UNICEF

Jen
    $800 22
a desk

Jen
    $800 12
"Who's Afraid of the Big Bad Wolf?"

Jen
    $800 7
David Copperfield

Jen
    $800 17
(Jen: What are shrimp?)

the oyster fork

Jen
Triple Stumper
    $800 2
Missouri

Carl
    $800 28
Nevada

Jen
    $1200 23
a snake

Phil
    $1200 13
The Bride of Frankenstein

Carl
    $1200 8
(Edwin) Drood

Carl
    $1200 18
starboard

Jen
    $1200 3
Millard

Jen
    $1200 30
Knott's Berry Farm

Phil
    $1600 24
(Jen: What is Hammarskjold?)

Trygve Lie

CarlJen
    $1,000 14
Maximilian

Carl
    $1,200 9
(Alex: You responded as if you had actually read that. Good for you.)

The Old Curiosity Shop

Carl
    $1600 19
(Phil: What is the obverse?)

the recto

Phil
Triple Stumper
    $1600 4
Milan

Phil
    $1600 29
Jamie Lee Curtis

Carl
    $2000 25
Administrative Professionals Week

Triple Stumper
    $2000 15
Wuthering Heights

Jen
    $2000 10
(Jen: What is Brose?)

Boz

CarlJen
    $2000 20
the pulmonary

Carl
    $2000 5
Messalina

Jen
    $2000 27
All Saints Day

Phil

Scores at the end of the Double Jeopardy! Round:

Carl Jen Phil
$17,200 $11,200 $10,800

[wagering suggestions for these scores]

Final Jeopardy! Round responses

INVENTORS
(Alex: Now I hope you all remember that before he invented the telephone, he was working on helping the deaf.)
...
(Alex: No, and this will probably amaze you. The doctor provided him with [*], [*] so he could examine the interior and find out how the tympanic membranes worked.)
PhilWhat is a stethoscope?
$6,500
JenWhat is a stethyscope?
$10,800
CarlWhat is a stethoscope?
$5,201
an ear

Final scores:

Carl Jen Phil
$11,999 $400 $4,300
3-day champion: $40,799 3rd place: $1,000 2nd place: $2,000

Game dynamics:

Coryat scores:

Carl Jen Phil
$18,200 $11,200 $9,800
21 R
(including 2 DDs),
2 W
20 R,
4 W
13 R
(including 1 DD),
1 W

Combined Coryat: $39,200

The J! Archive is created by fans, for fans. The Jeopardy! game show and all elements thereof, including but not limited to copyright and trademark thereto, are the property of Jeopardy Productions, Inc. and are protected under law. This website is not affiliated with, sponsored by, or operated by Jeopardy Productions, Inc. Join the discussion at JBoard.tv.